FIFA World Cup Host Cities - Statistics

General Stats
  • This quiz has been taken 36 times
  • The average score is 69 of 169
Answer Stats
Year(s) of World Cup(s) Host City % Correct
1934, 1990 Rome
97%
2006 Berlin
93%
1974, 2006 Munich
93%
2018 Moscow
90%
1938, 1998 Paris
90%
1950, 2014 Rio de Janeiro
90%
1966 London
86%
1970, 1986 Mexico City
86%
1934, 1990 Milan
86%
1930 Montevideo
86%
1950, 2014 São Paulo
86%
1934, 1990 Turin
83%
2018 Saint Petersburg
79%
1974, 2006 Hamburg
76%
1982 Madrid
76%
1938, 1998 Marseille
76%
1982 Barcelona
72%
2014 Brasília
72%
1978 Buenos Aires
72%
1974, 2006 Frankfurt
72%
1966 Liverpool
72%
1966 Manchester
72%
1934, 1990 Naples
72%
1954 Bern
69%
2010 Cape Town
69%
1994 Dallas
69%
2022 Doha
69%
1974, 2006 Dortmund
69%
1954 Geneva
69%
1938 Lille
69%
1954 Zürich
69%
1950, 2014 Belo Horizonte
66%
1938, 1998 Bordeaux
66%
1974 Düsseldorf
66%
1970, 1986 Guadalajara
66%
2010 Johannesburg
66%
1998 Lyon
66%
1958 Malmö
66%
1998 Nantes
66%
2006 Nuremberg
66%
1962 Santiago
66%
1974, 2006 Stuttgart
66%
1990 Bari
62%
1934, 1990 Bologna
62%
1934, 1990 Florence
62%
1974, 2006 Hanover
62%
2006 Leipzig
62%
1986 Monterrey
62%
2010 Pretoria
62%
2002 Seoul
62%
1982 Seville
62%
1966 Birmingham
59%
2010 Durban
59%
2014 Manaus
59%
1998 Montpellier
59%
2010 Port Elizabeth
59%
2018 Sochi
59%
1938, 1998 Toulouse
59%
1954 Basel
55%
1982 Bilbao
55%
2002 Busan
55%
1994 Chicago
55%
1958 Gothenburg
55%
1990 Palermo
55%
1950, 2014 Porto Alegre
55%
2014 Salvador
55%
1938 Strasbourg
55%
1982 Valencia
55%
2006 Cologne
52%
1974, 2006 Gelsenkirchen
52%
1934, 1990 Genoa
52%
2002 Osaka
52%
1950, 2014 Recife
52%
1966 Sheffield
52%
1978 Córdoba
48%
1954 Lausanne
48%
2018 Rostov-on-Don
48%
2002 Yokohama
48%
1982 Zaragoza
48%
1990 Cagliari
45%
2018 Nizhny Novgorod
45%
1994 Pasadena
45%
1978 Rosario
45%
2002 Sapporo
45%
1990 Udine
45%
2018 Yekaterinburg
45%
1982 A Coruña
41%
2010 Bloemfontein
41%
1950, 2014 Curitiba
41%
2002 Kobe
41%
1990 Verona
41%
1994 Washington, D.C.
41%
2018 Kazan
38%
1998 Lens
38%
1982 Málaga
38%
1998 Saint-Denis
38%
2018 Samara
38%
1982 Vigo
38%
2018 Volgograd
38%
2006 Kaiserslautern
34%
2018 Kaliningrad
34%
1970, 1986 León
34%
1938 Reims
34%
1998 Saint-Étienne
34%
2014 Fortaleza
31%
1982 Gijón
31%
2002 Incheon
31%
2014 Natal
31%
1994 Orlando
31%
1970, 1986 Puebla
31%
1966 Middlesbrough
28%
1982 Oviedo
28%
1982 Valladolid
28%
2002 Daegu
24%
1954 Lugano
24%
1978 Mendoza
24%
1958 Solna
24%
1938 Le Havre
21%
1966 Sunderland
21%
1982 Alicante
17%
1982 Elche
17%
2022 Lusail
17%
1986 Querétaro
17%
1970, 1986 Toluca
17%
1934 Trieste
17%
1962 Arica
14%
2014 Cuiabá
14%
1994 Foxborough
14%
2002 Gwangju
14%
1958 Norrköping
14%
2010 Rustenburg
14%
2002 Saitama
14%
2018 Saransk
14%
1994 East Rutherford
10%
1962 Viña del Mar
10%
2022 Al Rayyan
7%
2002 Daejeon
7%
1958 Halmstad
7%
2010 Nelspruit
7%
1958 Örebro
7%
2002 Suwon
7%
1958 Västerås
7%
2022 Al Wakrah
3%
1938 Antibes
3%
1938 Colombes
3%
2002 Kashima
3%
2002 Niigata
3%
2010 Polokwane
3%
1994 Pontiac
3%
2002 Ulsan
3%
1974 West Berlin
3%
2022 Al Khor
0%
1958 Borås
0%
1958 Eskilstuna
0%
1958 Helsinborg
0%
1986 Irapuato
0%
2002 Jeonju
0%
1978 Mar del Plata
0%
2002 Miyagi
0%
1986 Nezahualcóyotl
0%
2002 Ōita
0%
1962 Rancagua
0%
1958 Sandviken
0%
1986 San Nicolás de los Garza
0%
2002 Seogwipo
0%
2002 Shizuoka
0%
1994 Stanford
0%
1958 Uddevalla
0%
1986 Zapopan
0%
No matching quizzes found
Score Distribution
Percent of People with Each Score
Percentile by Number Answered
Your Score History
You have not taken this quiz